IAS Mains History/ (Record no. 186307)

MARC details
000 -LEADER
fixed length control field 00590nam a22001817a 4500
005 - DATE AND TIME OF LATEST TRANSACTION
control field 20220222125715.0
010 ## - LCCN (DPL NO)
LC control number ENG-131740
020 ## - INTERNATIONAL STANDARD BOOK NUMBER
International Standard Book Number 9789386720238
Terms of availability 699.00
035 ## - SYSTEM CONTROL NUMBER
System control number EN-115272
037 ## - SOURCE OF ACQUISITION
Source of stock number/acquisition DBAD
082 ## - DEWEY DECIMAL CLASSIFICATION NUMBER
Classification number 954
245 ## - TITLE STATEMENT
Title IAS Mains History/
Statement of responsibility, etc Edited by Gayatri Kumari
260 ## - PUBLICATION, DISTRIBUTION, ETC. (IMPRINT)
Place of publication, distribution, etc Uttar Pradesh
Name of publisher, distributor, etc Rathore Publishers & Distributors
Date of publication, distribution, etc 2019
270 ## - ADDRESS
Address Basement, 260, Shaktihand-III, Indirapuram, Ghaziabad
City Uttar Pradesh
Postal code 201010
Electronic mail address rathorepublishers@gmail.com
300 ## - PHYSICAL DESCRIPTION
Extent vp.
Dimensions 25cm(hbk)
700 ## - ADDED ENTRY--PERSONAL NAME
Personal name Kumari, Gayatri
942 ## - ADDED ENTRY ELEMENTS (KOHA)
Source of classification or shelving scheme Dewey Decimal Classification
Item type English Books
Classification part 954
Call number suffix IAS
Holdings
Withdrawn status Lost status Not for loan Collection code Home library Current library Date acquired Source of acquisition Cost, normal purchase price Full call number Barcode Copy number Cost, replacement price Koha item type
      Non-fiction Central Library Central Library 22/02/2022 DBAD/PUB 699.00 954 IAS EN-115272 1 699.00 English Books

© Delhi Public Library
Hit Counter
free hit counter